000 01307nam a2200349 i 4500
001 768714001
003 CO-MdFUSB
005 20241122093823.0
007 ta
008 240511t1970 -us||||| |||| 00| 0 eng d
020 _a8423-4840-9
040 _aCO-MdFUSB
_bspa
_cCO-MdFUSB
_dCO-MdFUSB
_erda
041 0 _aeng
_hspa
082 0 4 _223
_a261.836
_bSCH294
100 1 _aSchaeffer, Francis A.
240 _aPolución y la muerte del hombre : Enfoque cristiano a la ecología
_lespañol
245 1 0 _aPollution and the death of man
_b: the christian view of ecology
_c/ Francis A. Schaeffer
250 _acuarta edición
264 1 _aIllinois, Estados Unidos :
_bTyndale House Publishers,
_c[1972]
264 4 _c©1970
300 _a125 páginas
_c; 21 cm
336 _2rdacontent
_atexto
_btxt
337 _2rdamedia
_asin mediación
_bn
338 _2rdacarrier
_avolumen
_bnc
505 _a¿Qué le han hecho a nuestra bella hermana? -- Panteísmo: El hombre no es mas que la hierba. -- Otras respuestas inadecuadas. -- La visión cristiana: la creación. -- Una curación sustancial. -- La visión cristiana: la ¨planta piloto".
650 7 _aEcología
_97099
650 7 _aÉtica ambiental
_97277
942 _cBK
945 _aLuz Peña
999 _c44163
_d44163